| 000 | 00942nam a2200205Ia 4500 | ||
|---|---|---|---|
| 003 | GCL | ||
| 008 | 140319s9999 xx 000 0 ara d | ||
| 040 |
_aGCL / _cGCL |
||
| 082 | 0 | 4 |
_a961.2 _bع م |
| 100 | 1 | _aعلى عبداللطيف حميدة | |
| 245 | 1 | 0 |
_aالمجتمع والدولة والاستعمار فى ليبيا: دراسة فى الاصول الاجتماعية والاقتصاديةوالثقافيةلحركات وسياسات التواطؤ ومقاومة الاستعمار 1830 - 1932 / _cعلى عبداللطيف حميدة |
| 300 | _a226 ص | ||
| 490 |
_aسلسلة اطروحات الدكتوراة _v0 |
||
| 650 | 0 | 4 | _aالاحوال الاجتماعية |
| 650 | 0 | 4 | _aليبيا |
| 650 | 0 | 4 | _aالاستعمار فى البلاد العربية |
| 650 | 0 | 4 | _aليبيا - تاريخ - العصر العثمانى |
| 650 | 0 | 4 | _aليبيا - تاريخ - الاحتلال الايطالى |
| 942 |
_2ddc _cBK |
||
| 999 |
_c48980 _d48980 |
||